000 00687nam a22001937a 4500
999 _c182966
_d182966
005 20211213124407.0
010 _aUR-11374
020 _c500.00
_a-
035 _aU-9929
037 _bDBAD/PUB
082 _a844.8
100 _aمر تبہ: محمد نا صر سعيد ا کر می
245 _aذ کر ا قبا ل
_cمر تبہ: محمد نا صر سعيد ا کر می
246 _aZikr-e-Iqbal (Urdu)
_bby Mohd.Nasir Sayeed Akrami
260 _aKarnatak
_c2021 ء
_bMahad Imam Hasan Ul Banna Bhatkal
270 _aMadina Colony,Amenuddin Road,P.B:13 N.K.
_bKarnatak
_e581320
_l -
300 _a544 ص
_c22 Cm(Hb)
942 _2ddc
_cUR
_h844.8
_mا ق ب